[Event "BAN-chT2 Borsho 2nd"]
[Site "Bangladesh"]
[Date "2021.01.26"]
[Round "7.2"]
[White "Ershadul, Haque"]
[Black "Md, Asadujjaman"]
[Result "0-1"]
[WhiteElo "1575"]
[BlackElo "1781"]
[PlyCount "76"]
[EventDate "2021.01.20"]
[EventType "team-tourn"]
[EventRounds "9"]
[EventCountry "BAN"]
[SourceTitle "CBM 200 Extra"]
[Source "ChessBase"]
[SourceDate "2021.03.31"]
[SourceVersion "1"]
[SourceVersionDate "2021.03.31"]
[SourceQuality "1"]
[WhiteTeam "Sonirakhra CC"]
[BlackTeam "Bangladesh Police Prime"]
[WhiteTeamCountry "BAN"]
[BlackTeamCountry "BAN"]

1. d4 d5 2. c4 e6 3. Nc3 Nf6 4. Bg5 c6 5. e3 Nbd7 6. Nf3 Bb4 7. Bd3 h6 8. Bh4 a6 9. 0-0 dxc4 10. Bxc4 b5 11. Bd3 Be7 12. Rc1 Bb7 13. Qe2 c5 14. Rfd1 c4 15. Bb1 0-0 16. h3 Nb6 17. a3 Re8 18. Ne5 Nfd5 19. Qh5 Rf8 20. Nxf7 Rxf7 21. Qg6 Kf8 22. Qh7 Bxh4 23. g3 Nxc3 24. Rxc3 Qf6 25. f4 Bxg3 26. Rf1 Qh4 27. Rc2 Qxh3 28. e4 Qh5 29. Rg2 g6 30. Qh8+ Ke7 31. Qe5 Qxe5 32. dxe5 Bxf4 33. Rxg6 Raf8 34. Rd1 Bxe5 35. Rxh6 Rg7+ 36. Kh1 Bxb2 37. Kh2 Bxa3 38. Kh3 Bd6 0-1